[Event "Poikovsky Karpov 05th"]
[Site "Poikovsky"]
[Date "2004.03.17"]
[Round "1"]
[White "Bologan, Viktor"]
[Black "Aleksandrov, Aleksej"]
[Result "0-1"]
[WhiteElo "2679"]
[BlackElo "2679"]
[Annotator "Wedberg,T"]
[PlyCount "113"]
[EventDate "2004.03.17"]
[EventType "tourn"]
[EventRounds "9"]
[EventCountry "RUS"]
[EventCategory "18"]
[SourceTitle "CBM 100"]
[Source "ChessBase"]
[SourceDate "2004.06.01"]
[SourceVersion "1"]
[SourceVersionDate "2004.06.01"]
[SourceQuality "1"]

1. e4 e5 2. Nf3 Nc6 3. Bb5 Nf6 4. O-O Nxe4 5. d4 Nd6 6. Bxc6 dxc6 7. dxe5 Nf5
8. Qxd8+ Kxd8 9. Nc3 Ne7 10. Ne4 {One of several tries in this position. The
problem with the Berlin defence from a White perspective is simply how to get
at Black´s rock solid position. Given time to develop Black usually has very
few problems in this line, so its logical to try to use White´s lead in
development to do something right away. One way to try to create threats
against the black K is to sacrifice the P on e5 and then use the open lines in
the centre for an assault. After the active Ne4 this theme is quite often seen.
} Bf5 {This is slightly provocative since g4 can later follow with gain of
tempo. The alternatives are more prudent.} (10... Ng6 11. Re1 h6 12. h3 (12.
Bd2 Bg4 13. Nd4 Nxe5 14. Bc3 Nc4 15. a4 $13 {0-1 Nijboer,F-Jonkman,H/
Leeuwarden 2002/CBM 90/[Hecht] (54)}) 12... Be6 (12... b6 13. Bd2 c5 14. Rad1
Ke8 15. a3 a5 16. Kh2 Be6 17. g4 Rd8 {1/2-1/2 Blehm,P-Markowski,T/Ohrid 2001/
CBM 84 (17)}) 13. Nd4 (13. b3 c5 14. c4 b6 (14... Be7 15. Ng3 Kd7 16. Nh5 Rhg8
17. Bb2 Kc6 18. Nd2 a5 19. a4 Rgd8 $132 {0-1 Acs,P-Georgiev,K/Plovdiv 2003/CBM
98 no vc (43)}) 15. g4 Kc8 16. Kg2 Kb7 17. Rd1 Be7 18. Kg3 $13 {0-1 Inarkiev,
E-Georgiev,K/Istanbul 2003/CBM 96/[Ftacnik] (37)}) (13. Nd4 Bd5 (13... Nxe5 14.
Nxe6+ fxe6 15. Ng5 hxg5 16. Bxg5+ {1/2-1/2 Galkin,A-Aleksandrov,A/Moscow op
2003/ (16)}) 14. Nf5 Nxe5 15. Bf4 Nd7 16. Nc3 g6 17. Nd4 Bb4 $15 {1/2-1/2
Topalov,V-Shirov,A/Prague 2002/ (31)}) 13... Bd5 (13... Nxe5 14. Nxe6+ fxe6 15.
Ng5 hxg5 16. Bxg5+ {1/2-1/2 Galkin,A-Aleksandrov,A/Moscow 2003/CBM 94 (16)})
14. Nf5 Nxe5 15. Bf4 Nd7 16. Nc3 g6 17. Nd4 Bb4 $15 {1/2-1/2 Topalov,V-Shirov,
A/Prague 2002/CBM 89 (31)}) (10... Ke8 11. h3 Ng6 12. Re1 h6 13. b3 (13. h4 h5
14. Bg5 Bg4 15. Nd4 c5 16. Nb5 Kd7 17. a4 a6 18. Nbc3 Kc6 $15 {0-1 Apicella,
M-Yemelin,V/Chalkidiki 2002/CBM 92 (35)}) 13... a5 14. a4 c5 15. Be3 b6 16.
Rad1 Be7 17. c4 Bb7 18. Bc1 Rd8 19. Rxd8+ Kxd8 $15 {1/2-1/2 Georgiev,K-Miles,A/
Saint Vincent 2000/CBM 78 (48)}) 11. Re1 h6 12. h3 b6 $146 {Putting Black´s
Q-side P:s on black squares (a7/a5, b6, c7 and c5) has proven to be one of
Black´s most reliable ways to develop.} (12... Nd5 13. Nd4 Bg6 14. Bd2 c5 15.
Nb5 a6 16. Na3 Kc8 17. Rad1 Nb4 18. Bxb4 cxb4 19. Nc4 a5 20. Rd5 b6 21. Ned6+
$36 {0-1 Shirov,A-Almasi,Z/Monte Carlo 2003/CBM 93 ext (30)}) 13. g4 $1 Bd7 14.
Bf4 Kc8 (14... h5 $6 15. Neg5 Ke8 16. Nxf7 Kxf7 17. e6+ Bxe6 18. Ng5+ Kg8 19.
Nxe6 $16) 15. Rad1 a5 16. Bg3 c5 17. Nh4 a4 18. Ng2 (18. f4 $5 {[%cal Yf4f5]
looks like the logical continuation.}) 18... a3 19. b3 c4 $5 {An interesting
sacrifice. Black get´s some counterplay for a P. But my feeling is that White
should be better after this.} 20. bxc4 Ra4 21. Ne3 Be6 22. Nc3 Rb4 23. Nb5 (23.
f4 {also looks strong.} g6 24. Rd3 Nc6 (24... h5 25. Ncd5 $36) 25. Ncd5 Rb2 26.
f5 $36) 23... Nc6 $5 {Black gives another P and relies on his pair of B:s to
give him counterplay.} 24. Nxa3 Bc5 25. Nd5 Rb2 26. Nb5 h5 {Black is trying to
stir up some counterplay. In the end he succeeds, but White gives a helping
hand.} 27. Ndxc7 Rxc2 28. Nxe6 fxe6 29. Nd6+ Kc7 30. Ne4 (30. gxh5 $5) 30...
Nd4 31. Kg2 Kc6 32. Rd2 Rxc4 33. Red1 hxg4 34. hxg4 Nb5 35. Nxc5 bxc5 36. Rd7
$2 {Striking into thin air and giving away the advantage.} (36. f4 $16) 36...
Rxg4 37. a4 Rxa4 38. Rxg7 Nd4 $15 {The N is better than the B and the c-P is
the most likely candidate to become a Q in this position.} 39. Rb1 Rf8 40. Rbb7
Kd5 41. Rbc7 Ra6 42. Rgd7+ Kc4 43. Rd6 Ra5 44. Rb6 Kd3 45. Rd7 Kc3 46. Rbd6 Ra2
47. Rh7 Rd2 48. Rc7 c4 49. Ra6 Nf5 50. Kh3 Rh8+ 51. Kg4 Rg8+ 52. Kf4 Rd4+ 53.
Kf3 Rd3+ 54. Kf4 Rd4+ 55. Kf3 Rg6 56. Rf7 Rd3+ 57. Ke2 (57. Ke2 Rg5 $18) 0-1

[Event "Recklinghausen"]
[Site "Recklinghausen"]
[Date "1998.08.31"]
[Round "7"]
[White "Mainka, Romuald"]
[Black "Pinter, Jozsef"]
[Result "1/2-1/2"]
[WhiteElo "2500"]
[BlackElo "2590"]
[Annotator "Wedberg,T"]
[PlyCount "139"]
[EventDate "1998.07.25"]
[EventType "tourn"]
[EventRounds "9"]
[EventCountry "GER"]
[EventCategory "12"]
[SourceTitle "CBM 067"]
[Source "ChessBase"]
[SourceDate "1998.11.30"]
[SourceVersion "2"]
[SourceVersionDate "1998.11.01"]
[SourceQuality "1"]

{[%mdl 4120]} 1. e4 e5 2. Nf3 Nc6 3. Bb5 Nf6 4. O-O Nxe4 5. d4 Nd6 6. Bxc6 dxc6
7. dxe5 Nf5 8. Qxd8+ Kxd8 9. Nc3 Ke8 10. h3 a5 (10... h5 11. Rd1 Be7 12. Bg5 (
12. Ne2 h4 13. Bg5 Be6 14. Nf4 Rd8 15. Rxd8+ Kxd8 16. Rd1+ Ke8 17. Bxe7 Kxe7
18. Ng5 Rh6 19. Rd3 a5 20. Nfxe6 fxe6 21. g4 $1 $16 {1-0 Korneev,O-Gorbatow,A/
Moscow 1995/CBM 46/[Wedberg] (45)}) 12... Be6 13. Rd2 Rd8 14. Rxd8+ Kxd8 15.
Rd1+ Ke8 16. Bxe7 Kxe7 17. Ng5 h4 18. Ne2 Ra8 (18... g6 19. Nf4 $14 {1/2-1/2
Gufeld,E-Gorbatow,A/Moscow 1992/EXT 92op (40)}) 19. Nf4 a5 20. Nfxe6 fxe6 21.
a4 b5 22. Nf3 Ke8 23. Ra1 b4 24. Rd1 $14 {1-0 Zagrebelny,S-Gorbatow,A/Moscow
1996/EXP 56 (53)}) 11. Rd1 h5 $146 {As far as I know new in exactly this
position, but the move and the idea are well known in similar positions. 11. -
h5 is aimed at preventing g4. The negative side of the move is the weakening
of g5. Sometimes Black would like to have the P on h6. The other principal
approach is to wait for g2-g4 and then to counter with h7-h5.} (11... a4 12. g4
Ne7 13. Kg2 h5 (13... Ng6 14. Rd4 Be7 15. Kg3 h5 16. Bg5 hxg4 17. hxg4 f6 18.
Bf4 f5 19. g5 a3 20. b3 Be6 21. Ne2 Kf7 $17 {1-0 Almasi,Z-Aleksandrov,A/
EU-chTM 1997/EXP 57/[Hecht] (45)}) 14. Kg3 hxg4 15. hxg4 Ng6 16. Bg5 Be7 17.
Bxe7 Kxe7 $13 {0-1 Wahls,M-Sokolov,I/Dresden 1998/CBM 65/[Wedberg] (41)}) 12.
Bg5 Be6 13. Ne2 $6 (13. Rd2 $142 {White should try to force the exchange of
black squared B:s and then play his N:s to g5 and f4. For this idea see the
game Zagrebelny-Gorbatow above.}) 13... Bd5 $1 14. Nfd4 Nxd4 15. Rxd4 Bc5 16.
Rd2 Be7 17. Bxe7 Kxe7 $11 18. Rad1 Be6 19. f4 g6 {Black has a typical
white-square blockade on the K-side. It´s not easy for White to do anything
here. But Black can't do much either.} 20. Kf2 Rhg8 21. Ng3 Bd5 22. h4 Be6 23.
Rd3 a4 24. a3 Ra5 25. c3 Rd5 26. Ne4 Rgd8 27. Rd4 b6 28. Nf6 Rxd4 29. Rxd4 Ra8
30. Ke3 Bf5 31. Rd2 Be6 32. g3 Bf5 33. Nh7 Ra5 34. Ng5 Bg4 35. Ne4 Be6 36. Rd4
Ra8 37. Rd1 Ra5 38. Rd2 Ra8 39. Nf6 Rb8 40. Rd4 Ra8 41. Ne4 Bf5 42. Rd2 Ra5 43.
Ng5 Bg4 44. Rd4 Ra8 45. Ne4 Be6 46. Nf6 Bf5 47. Rd2 Be6 48. Kf3 Rh8 49. Rd4 Ra8
50. g4 hxg4+ 51. Nxg4 Ra5 52. Nf6 Ra8 53. Kg3 Bf5 54. Nh7 Ra5 55. Ng5 Ra8 56.
Rd2 Rh8 57. Nf3 c5 58. Ng5 Rh5 59. Nf3 Rh8 60. Nh2 Rb8 61. Nf1 Ke6 62. Ne3 Be4
63. Ng4 Bc6 64. Nf6 Kf5 65. Nd5 Bxd5 66. Rxd5 Ke6 67. c4 Rh8 68. Kg4 Rg8 69.
Rd2 Rh8 70. Rd5 1/2-1/2

[Event "Olympiad-36"]
[Site "Mallorca"]
[Date "2004.10.29"]
[Round "14"]
[White "Adams, Michael"]
[Black "Mitkov, Nikola"]
[Result "1-0"]
[WhiteElo "2740"]
[BlackElo "2539"]
[Annotator "Wedberg,T"]
[PlyCount "73"]
[EventDate "2004.10.15"]
[EventType "team-swiss"]
[EventRounds "14"]
[EventCountry "ESP"]
[SourceTitle "CBM 104"]
[Source "ChessBase"]
[SourceDate "2005.01.27"]
[SourceVersion "1"]
[SourceVersionDate "2005.01.27"]
[SourceQuality "1"]
[WhiteTeam "England"]
[BlackTeam "Macedonia"]
[WhiteTeamCountry "ENG"]
[BlackTeamCountry "MKD"]

1. e4 e5 2. Nf3 Nc6 3. Bb5 Nf6 4. O-O Nxe4 5. d4 Nd6 6. Bxc6 dxc6 7. dxe5 Nf5
8. Qxd8+ Kxd8 9. Nc3 Ne7 (9... Ke8 10. h3 Ne7 11. Ne4 Ng6 12. Re1 c5 (12... h6
13. b3 a5 14. a4 c5 15. Be3 b6 16. Rad1 Be7 17. c4 Bb7 18. Bc1 Rd8 19. Rxd8+
Kxd8 $15 {1/2-1/2 Georgiev,K-Miles,A/Saint Vincent 2000/CBM 78 (48)}) 13. a4 h6
14. a5 Bf5 15. h4 Be7 16. Nd6+ cxd6 17. exd6 Be6 18. dxe7 Nxe7 19. Ne5 $16 {
1-0 Adams,M-Almasi,Z/Las Vegas 1999/CBM 072/[Wedberg] (43)}) 10. b3 {Only a
few days earlier Adams won a nice game against Almasi in this line. But he
does not want to repeat the exact move order of that game.} (10. Re1 h6 11. h3
Ng6 12. Ne2 c5 13. b3 Be6 14. Bb2 Kd7 15. h4 Bg4 16. e6+ $1 {1-0 Adams,
M-Almasi,Z/Mallorca 2004/CBM 104/[Wedberg] (52)}) 10... Bg4 11. Ng5 Ke8 12. Bb2
Nd5 (12... h6 $5 13. Nge4 Nd5 14. Rfe1 Nxc3 15. Bxc3 a5 16. h3 Be6 17. f4 Bb4
$11 {1/2-1/2 Djukic,N-Ivanovic,B/Bijelo Polje 2004/CBM 101 ext (31)}) 13. h3
Bf5 14. g4 Bg6 {Mitkov varies from the game Adams - Vallejo Pons, Linares 2002.
Still this line seems to favour White. I think Black must drive Ng5 away with
h6, like Ivanovic did in the previous comment.} (14... Bxc2 $2 15. Nxd5 cxd5
16. Rac1 Bg6 17. Rxc7 $16) (14... Bd7 15. Ne2 h5 16. c4 Nb4 17. Rad1 hxg4 18.
Nxf7 Kxf7 19. Rxd7+ $16 {1/2-1/2 Adams,M-Vallejo Pons,F/Linares 2002/CBM 088/
[Wedberg] (23)}) 15. Nxd5 cxd5 16. f4 Be7 17. e6 $1 {[%mdl 4] With the B on b2
this break is always desirable. Here it gives White a slight but lasting
advantage.} Bxg5 (17... f6 18. f5 $1 fxg5 19. fxg6 hxg6 20. Kg2 $16) 18. exf7+
Kd7 (18... Kxf7 19. fxg5+ Kg8 20. Rad1 c6 21. c4 Rd8 (21... Be4 22. cxd5 Bxd5
23. Rde1 $18 {[%cal Ye1e7]}) 22. cxd5 Rxd5 23. Rxd5 cxd5 24. Rc1 $16) 19. fxg5
Rhf8 20. Rad1 c6 21. Bxg7 Rxf7 22. Rxf7+ Bxf7 23. Kf2 $16 {A P more for White,
but some chances for a draw for Black with opposite coloured Bs. But he needs
to exchange Rs and that is not easy to achieve. The double P does not bother
White much since he can always break with g6 and then play h6 when Black takes.
} Re8 24. Kf3 Bg6 25. c4 Be4+ 26. Kf4 b5 $6 (26... Ke6 $5 {[%cal Ye6f7]}) 27.
cxb5 cxb5 28. h4 Rc8 {Black sets his hope on the counterplay with the R.} (
28... Ke6 29. Rc1 $16) 29. h5 Rc2 30. g6 $1 {The break decides the game.} hxg6
31. h6 g5+ (31... Rh2 32. Kg3 Rg2+ 33. Kh3 $18) 32. Kxg5 Ke6 33. Re1 Kf7 34.
Rf1+ Ke7 35. Rf4 Bh7 36. Bf6+ Ke6 37. Bd4 1-0

[Event "Harplinge"]
[Site "Harplinge"]
[Date "1998.08.18"]
[Round "4"]
[White "Sutovsky, Emil"]
[Black "Wedberg, Tom Birger"]
[Result "1/2-1/2"]
[WhiteElo "2575"]
[BlackElo "2475"]
[Annotator "Wedberg,T"]
[PlyCount "70"]
[EventDate "1998.08.15"]
[EventType "tourn"]
[EventRounds "9"]
[EventCountry "SWE"]
[EventCategory "12"]
[SourceTitle "CBM 067"]
[Source "ChessBase"]
[SourceDate "1998.11.30"]
[SourceVersion "2"]
[SourceVersionDate "1998.11.01"]
[SourceQuality "1"]

1. e4 e5 2. Nf3 Nc6 3. Bb5 Nf6 4. O-O Nxe4 5. d4 Nd6 6. Bxc6 dxc6 7. dxe5 Nf5
8. Qxd8+ Kxd8 9. Nc3 Ke8 10. h3 h6 11. Rd1 a5 12. g4 Ne7 13. Kg2 h5 (13... Ng6
14. Kg3 Be7 15. Re1 Be6 16. Nd4 $6 Rd8 17. Nxe6 (17. Nf5 Bxf5 18. gxf5 Bh4+ 19.
Kf3 Ne7 $17 {Ghinda,M-Sturua,Z/Komotini 1993}) 17... fxe6 $17) 14. Kg3 Ng6 15.
Bg5 Be6 16. Re1 Be7 17. Rad1 Rd8 18. Rxd8+ Kxd8 19. Bxe7+ Kxe7 20. Nd4 (20. Ng5
h4+ 21. Kf3 (21. Kg2 Rd8 $15) 21... Bd5+ 22. Nxd5+ cxd5 $15) 20... hxg4 21.
Nxe6 $1 (21. hxg4 $2 Bxg4 22. Nxc6+ bxc6 23. Kxg4 Ke6 $15) 21... fxe6 (21...
Rxh3+ 22. Kxg4 Rh4+ 23. Kf5 Rh5+ (23... Rb4 24. Re4) 24. Ng5 Nh4+ 25. Kg4 Rxg5+
26. Kxh4 $18) 22. hxg4 Rf8 23. Re4 Rh8 24. Re1 Rf8 25. Re4 Rh8 26. f4 Rh1 27.
f5 Nh4 $11 28. Rf4 g5 29. fxg6 (29. f6+ Ke8 30. Rd4 Rg1+ 31. Kf2 Rg2+ 32. Ke3
Ng6 $15) 29... Nxg6 30. Re4 Rc1 31. Re2 Rg1+ 32. Kf3 Rf1+ 33. Kg2 Rc1 34. Kh2
Nf4 35. Rf2 Ng6 1/2-1/2

[Event "MK Cafe Cup-A"]
[Site "Koszalin"]
[Date "1999.08.03"]
[Round "1"]
[White "Bologan, Viktor"]
[Black "Kaminski, Marcin"]
[Result "1-0"]
[WhiteElo "2620"]
[BlackElo "2523"]
[Annotator "Wedberg,T"]
[PlyCount "71"]
[EventDate "1999.08.03"]
[EventType "swiss"]
[EventRounds "9"]
[EventCountry "POL"]
[SourceTitle "CBM 073"]
[Source "ChessBase"]
[SourceDate "1999.12.01"]
[SourceVersion "1"]
[SourceVersionDate "1999.12.01"]
[SourceQuality "1"]

1. e4 e5 2. Nf3 Nc6 3. Bb5 Nf6 4. O-O Nxe4 5. d4 Nd6 6. Bxc6 dxc6 7. dxe5 Nf5
8. Qxd8+ Kxd8 9. h3 Ke8 10. Nc3 Ne7 {A popular move, even though I haven´t
found any example of it being played in this exact position.} 11. Ne4 Ng6 12.
Re1 Be6 13. Nd4 Bd5 14. b3 Rd8 (14... Bb4 $5 {looks like a more active choice.
Black mustn´t allow White to do everything he wants in terms of setting up his
pieces on the right squares. In this game Black is a bit too placid.} 15. c3 {
This weakens the white position in several ways: the long black diagonal is
blocked and the square d3 becomes a target for Ng6.} (15. Bd2 Bxd2 16. Nxd2 Rd8
$132) (15. Re2 Bxe4 16. Rxe4 Bc3 17. Rb1 Rd8 $15) 15... Ba5 16. Bb2 Nf4 17.
Rad1 Rd8 $13) 15. Bb2 c5 $2 (15... Bb4 $142) 16. Nf5 $36 {The preceeding moves
have left Black without any trace of counterplay, while White is looking for
combinations with checks on d6 or f6 or the line clearing e6.} Be6 17. Ne3 Be7
18. g3 $1 {[%cal Yf2f4,Yf4f5][%mdl 128] This P-sacrifice challenges the
Black´s setup. Black would be worse even if he could play 0-0 here.} Bxh3 19.
f4 Bf8 $2 (19... Bc8 $142 20. f5 Nf8 21. f6 gxf6 22. exf6 (22. e6 Nxe6 23.
Nxf6+ Kf8 $17) 22... Bd6 23. Nf5 Ne6 24. Rad1 Rg8 25. Nexd6+ cxd6 26. Nxd6+ Kf8
$16) 20. f5 Ne7 21. f6 Nf5 22. e6 $1 {White wins material.} Nd4 (22... fxe6 23.
Nxf5 $18) 23. e7 $16 Bxe7 24. fxe7 Kxe7 25. Kf2 b6 26. b4 Ne6 (26... cxb4 27.
Ng5 $18) 27. bxc5 f5 (27... bxc5 28. Ba3 $16) 28. Nc3 Rd2+ 29. Re2 Rxe2+ 30.
Nxe2 bxc5 31. Nf4 $18 Rb8 32. Be5 Bg4 33. Nxe6 Kxe6 34. Bxg7 Rb7 35. c4 Kf7 36.
Bc3 1-0

[Event "Olympiad-36"]
[Site "Mallorca"]
[Date "2004.10.23"]
[Round "8"]
[White "Adams, Michael"]
[Black "Almasi, Zoltan"]
[Result "1-0"]
[WhiteElo "2740"]
[BlackElo "2650"]
[Annotator "Wedberg,T"]
[PlyCount "105"]
[EventDate "2004.10.15"]
[EventType "team-swiss"]
[EventRounds "14"]
[EventCountry "ESP"]
[SourceTitle "CBM 104"]
[Source "ChessBase"]
[SourceDate "2005.01.27"]
[SourceVersion "1"]
[SourceVersionDate "2005.01.27"]
[SourceQuality "1"]
[WhiteTeam "England"]
[BlackTeam "Hungary"]
[WhiteTeamCountry "ENG"]
[BlackTeamCountry "HUN"]

1. e4 e5 2. Nf3 Nc6 3. Bb5 Nf6 4. O-O Nxe4 5. d4 Nd6 6. Bxc6 dxc6 7. dxe5 Nf5
8. Qxd8+ Kxd8 9. Nc3 Ne7 {Almasi decides to play slightly different this time.
He lost a remarkable game in the Berlin against Adams in the World
Championships in Las Vegas 1999. That game was more or less a brilliancy by
Adams.  Not moving the K keeps more options - like later playing the
interesting manouvre Kd7-c6.} (9... Ke8 10. h3 Ne7 11. Ne4 Ng6 12. Re1 c5 13.
a4 h6 14. a5 Bf5 15. h4 Be7 16. Nd6+ cxd6 17. exd6 Be6 18. dxe7 Nxe7 19. Ne5
$16 {1-0 Adams,M-Almasi,Z/Las Vegas 1999/CBM 072/[Wedberg] (43)}) 10. Re1 h6
11. h3 Ng6 (11... Bd7 12. Be3 b6 13. Rad1 Kc8 14. Nd4 Nf5 15. f4 h5 16. Ne4 Be7
17. Bf2 {1/2-1/2 Anand,V-Georgiev,K/Mallorca 2004}) 12. Ne2 $5 {The N strives
for d4 to force through e5-e6. White also avoids the pin Bb4.} (12. a3 Bd7 13.
Be3 b6 14. Rad1 Kc8 15. Kh2 Be7 16. Ne4 Re8 17. Bd2 Bf8 18. Bc3 c5 19. g4 Bc6
$13 {0-1 Bologan,V-Kramnik,V/Dortmund 2004/CBM 103 (38)}) (12. Bd2 Bd7 13. Ne4
Kc8 14. Ng3 c5 15. Nh5 b5 16. Nh2 Kb7 17. f4 Nh4 18. Re2 Bc6 19. c3 g6 20. Nf6
Be7 21. Be1 Nf5 {1/2-1/2 Anand,V-Vallejo Pons,F/Linares 2002/CBM 088/[Wedberg]
(29)}) 12... c5 13. b3 Be6 14. Bb2 Kd7 {So far so good for Black. The idea
here is to put the K on c6 - an unusual but often effective post since the K
gets out of the way of the other pieces. Adams decides its time to bring some
sparkle to the game before Black is fully developed.} 15. h4 $5 {The same
flank move he was so successful with in 1999.} Bg4 ({Since a white h5 would be
quite annoying, perhaps the simple} 15... h5 $5 {was playable. It gives away
the g5-square, but that might not be so important.}) 16. e6+ $1 {[%mdl 4]
Mixing it up! A classical break in this line. See the famous game Kasparov -
Kramnik from Astana in 2001.} fxe6 (16... Kc6 17. Nf4 Nxf4 18. Ne5+ Kb6 19.
Nxg4 Nxe6 20. Ne5 $16) (16... Bxe6 17. h5 Ne7 18. Nf4 $36) 17. Nf4 $1 Nxf4 18.
Ne5+ Ke8 19. Nxg4 h5 20. Ne5 {White has given a P, but the compensation is
obvious. All White's pieces are playing, while Black lacks organization.} Rh6
21. Rad1 Be7 22. c4 Rd8 23. Rxd8+ Bxd8 24. g3 Ng6 25. Nd3 $16 {[%csl Rc5,Re6,
Rg7] White's dominance is paying off. The coming ending is clearly better for
him.} b6 26. Bxg7 Rh7 27. Bc3 Kd7 28. Kg2 Be7 29. Kf3 Bd6 30. Ke4 Rf7 31. Re3
Ne7 32. Rf3 $1 {When Black has the pair of Bs the double P on the c-file is
not such a big problem. Here it makes all the difference - White has a solid
advantage.} Nf5 33. Ne5+ Bxe5 34. Kxe5 Rf8 35. Bd2 a6 36. Bh6 Rb8 37. Rd3+ Nd6
(37... Ke7 38. Bg5+ Kf7 39. Rd7+ $18) 38. Kf6 Rg8 39. Bf4 b5 40. Rd2 bxc4 41.
bxc4 Kc6 42. Bxd6 cxd6 43. Kxe6 $18 Re8+ 44. Kf5 Rg8 45. Rd3 Rg4 46. f4 Rg8 47.
Kf6 Re8 48. Kg6 Re4 49. Rc3 d5 50. cxd5+ Kxd5 51. Kxh5 Kd4 52. Rc1 c4 53. f5
1-0

[Event "Sigeman & Co 11th"]
[Site "Malmo"]
[Date "2003.05.06"]
[Round "7"]
[White "Timman, Jan H"]
[Black "Nielsen, Peter Heine"]
[Result "0-1"]
[WhiteElo "2579"]
[BlackElo "2625"]
[Annotator "Wedberg,T"]
[PlyCount "142"]
[EventDate "2003.04.29"]
[EventType "tourn"]
[EventRounds "9"]
[EventCountry "SWE"]
[EventCategory "13"]
[SourceTitle "CBM 095"]
[Source "ChessBase"]
[SourceDate "2003.07.25"]
[SourceVersion "1"]
[SourceVersionDate "2003.07.25"]
[SourceQuality "1"]

1. e4 e5 2. Nf3 Nc6 3. Bb5 Nf6 4. O-O Nxe4 5. d4 Nd6 6. Bxc6 dxc6 7. dxe5 Nf5
8. Qxd8+ Kxd8 9. Nc3 Bd7 10. h3 Kc8 (10... h6 {has been played, but maybe this
move is not necessary since f7 can always be protected by the B via e8.}) 11.
b3 ({For} 11. Rd1 {see 1/2-1/2 McShane,L-Ivanchuk,V/Malmoe 2003 (40). (39)}) (
11. Ng5 Be8 $13) 11... a5 12. Bb2 Be7 13. a4 (13. g4 $5 Nh4 14. Nxh4 Bxh4 15.
f4 h5 16. f5 {[%cal Yc3e4] and White is alive - and kicking.}) 13... h5 $5 {
Now we see one point of avoiding the move h6 earlier on - the P can jump to h5
in one go. This would be less attractive had White kept his B on the c1-h6
diagonal, but with the B on b2 it´s not so easy for White to use the square g5.
Timman goes for g5 anyway, but Heine Nielsen has a little surprise in store
for him.} 14. Ne4 (14. Rad1) 14... c5 {[%mdl 4] Playing c5 before b6 is yet
another refinement. As we will see the move Ra6 will be a resourse in some
line.} 15. Neg5 $6 {This meets with an excellent response.} (15. Rad1 $142)
15... Nh4 $1 {Turning point of the game. White´s offensive is broken and Black
secures a slight edge with his two B:s.} (15... Rf8 16. Rfe1) 16. Rfe1 (16.
Nxf7 $2 Nxf3+ 17. gxf3 Rf8 18. e6 (18. Rfe1 Be6 19. Nd6+ cxd6 20. exd6 Bf6 $17)
18... Bxe6 19. Rfe1 Ra6 $17) (16. Nxh4 Bxg5 17. Nf3 Be7 {is like the game.})
16... Nxf3+ 17. Nxf3 Be6 18. Rad1 g5 $1 {The exchange of N's only benefitted
Black since the placing of the black N can sometimes be a problem. He can now
attack on both wings with his strong B:s.} 19. Nd2 b6 20. Ne4 Kb7 21. Bc1 Bf5
22. Re2 g4 23. Bg5 {White breaks the pair of B:s, but it´s too late. Black is
firmly in command.} Bxg5 24. Nxg5 gxh3 25. Nxh3 Rad8 {[%csl Ra4,Rb3,Rc2,Gf5,
Rh3][%cal Yf5c2]} 26. Red2 Kc8 {Black just wins when all the R:s are gone.} 27.
Rxd8+ Rxd8 28. Rc1 Rd2 29. c4 Bc2 30. Kh2 Bxb3 31. f4 Bxa4 32. f5 Bc6 33. Nf4
h4 34. Kh3 Rf2 35. g3 hxg3 36. Kxg3 {Timman fights on, but even an optimist
like him can hardly believe that this is possible to save.} Rf3+ 37. Kg4 Re3
38. e6 fxe6 39. Nxe6 a4 40. Ng7 Re2 41. f6 Rf2 42. Kg5 Rg2+ 43. Kh6 Rf2 44. Kg5
Be4 45. Rc3 Rg2+ 46. Kf4 Bg6 47. Ra3 Bf7 48. Rxa4 Rc2 49. Ke5 Kd7 50. Ra1 Re2+
51. Kf5 Bxc4 $19 52. Rd1+ Kc6 53. Nh5 Be6+ 54. Kf4 Rf2+ 55. Ke5 Re2+ 56. Kf4 c4
57. Ng3 Rf2+ 58. Ke5 Bd7 59. Rf1 Rxf1 60. Nxf1 Be8 61. Kd4 Bf7 62. Nd2 Kd7 63.
Ne4 c6 64. Nc3 Bd5 65. Ke5 b5 66. Na2 Bg8 67. Nc3 Bd5 68. Na2 Ke8 69. Nb4 Kf7
70. Kf5 c3 71. Ke5 c5 0-1